| 000 | 01395nam a22005057a 4500 | ||
|---|---|---|---|
| 001 | BR2011000341 | ||
| 003 | BR-BrBNA | ||
| 005 | 20230928103608.0 | ||
| 007 | ta | ||
| 008 | 230509b bl.||||| |||| 00| 0 por d | ||
| 040 |
_aBR-BrBNA _bpor _cBiblioteca Nacional de Agricultura |
||
| 041 | _a(Por) | ||
| 072 |
_aH20 _b1112 _b4120 |
||
| 090 | _ 1112 BR2011000341 | ||
| 100 | 1 | _aSantos, G.R. dos | |
| 100 | 1 | _aDidonet, J. | |
| 100 | 1 | _aOliveira, W.F. de | |
| 100 | 1 | _aSouza, C.M. de | |
| 100 | 1 | _aMoromizato, G.H. | |
| 100 | 1 | _aMichelin, L.H. | |
| 100 | 1 | _aSantana, S.V.P. | |
| 110 | 1 |
_aInstituto de Desenvolvimento Rural de Tocantins, Palmas, TO (Brasil) _96018 |
|
| 245 | 1 | _aDiagnóstico, prevenção e manejo integrado de doenças da bananeira no estado do Tocantins | |
| 260 | 3 |
_aPalmas, TO (Brasil): _c2006. |
|
| 300 | _a18 p. | ||
| 500 | _a9 ref.; 10 illus | ||
| 650 | _aBANANA | ||
| 650 | _aDIAGNÓSTICO | ||
| 650 | _aMAL DO PANAMÁ | ||
| 650 | _aMURCHA DE FUSARIUM | ||
| 650 | _aFUSARIOSE | ||
| 650 | _aFUSARIUM OXYSPORUM | ||
| 650 | _aFUNGO | ||
| 650 | _aPROFILAXIA | ||
| 650 | _aSIGATOKA NEGRA | ||
| 650 | _aCONTROLE INTEGRADO | ||
| 650 | _aDOENÇA DE PLANTA | ||
| 650 | _aTOCANTINS | ||
| 650 | _aMUSA SP | ||
| 650 | _aCERCOSPORIOSE | ||
| 650 | _aPORTARIA | ||
| 650 | _aTOCANTINS | ||
| 909 |
_a202309 _bLucia _c55 _dLucia Elande |
||
| 942 | _cBK | ||
| 999 |
_c75752 _d75752 |
||